World Cup of Darts Participants - Statistics

General Stats
  • This quiz has been taken 157 times
  • The average score is 27 of 38
Answer Stats
Hint Answer % Correct
E England
99%
O Australia
90%
E Germany
88%
E Scotland
88%
E Wales
87%
E Ireland
85%
N USA
85%
E Austria
84%
AS China
84%
E Spain
84%
E Netherlands
83%
AS Japan
82%
N Canada
81%
E France
81%
E Northern Ireland
81%
E Russia
79%
AF South Africa
78%
E Belgium
76%
O New Zealand
76%
E Sweden
76%
E Italy
75%
E Finland
74%
E Poland
73%
E Norway
71%
E Denmark
69%
E Greece
63%
E Hungary
60%
AS India
60%
AS Hong Kong
54%
AS Singapore
54%
E Croatia
53%
AS Thailand
52%
E Czech Republic
49%
AS Malaysia
47%
E Slovenia
44%
AS Philippines
42%
E Slovakia
42%
E Gibraltar
41%
No matching quizzes found
Score Distribution
Percent of People with Each Score
Percentile by Number Answered
Your Score History
You have not taken this quiz